00477 a2200181 450000100060000002000150000604000240002110000210004524000250006624500200009130000060011136200090011744000110012665000310013794200070016895201030017599900170027844670 a8526010662 cAnchieta - Aquarius aBelinky, Tatiana10aA torre do Renolpor10aA torre do Reno a 0 a2006 1aGlobal 4aLiteratura infanto-juvenil cBK 00104070a87.1b87.1d2023-11-21l0o028.5 BEL TORp948/AQUr2023-11-21 15:10:31w2023-11-21yBK c44670d44670